Statistiken für Die 25 größten Städte in Jugoslawien

Klicken Sie hier um das Quiz zu spielen!

Allgemein

  • Dieses Quiz wurde 408 mal gespielt
  • Das Durchschnittsergebnis liegt bei 14 aus 25

Antwortstatistiken

Heutiges LandBevölkerungszahlStadt% Korrekt
Serbien1.345.000Beograd / Belgrad
99%
Kroatien779.000Zagreb / Agram
99%
Bosnien & Herzegowina291.000Sarajewo
97%
Mazedonien505.000Skopje
94%
Slowenien290.000Ljubljana / Laibach
91%
Kosovo198.000Pristina / Prischtina
86%
Kroatien194.000Split
86%
Montenegro144.000Podgorica / Titograd
75%
Serbien286.000Novi Sad / Neusatz
74%
Serbien202.000Niš / Nisch
61%
Bosnien & Herzegowina113.000Mostar
60%
Bosnien & Herzegowina199.000Banja Luka / Weina Luka
59%
Kroatien144.000Rijeka / Fiume / St. Veit
56%
Slowenien111.000Maribor / Marburg
54%
Bosnien & Herzegowina120.000Tuzla
46%
Kroatien115.000Osijek / Esseg
41%
Kosovo178.000Prizren
38%
Bosnien & Herzegowina115.000Zenica / Senitza
35%
Serbien151.000Kragujevac
30%
Serbien106.000Subotica / Maria-Theresiopel
26%
Serbien96.000Peja / Pejë / Peć
19%
Kosovo109.000Ferizaj / Uroševac
16%
Bosnien & Herzegowina115.000Bijeljina / Bieglin
13%
Serbien110.000Leskovac
11%
Bosnien & Herzegowina98.000Prijedor
10%

Verteilung der Resultate

Perzentil nach korrekt beantworteten Fragen

Anzahl Personen mit jedem Resultat

Ihre Resultats-Entwicklung

Sie haben dieses Quiz noch nicht gespielt